Tribhuvan University Central Library
Normal view MARC view
  • Capital flow

Entry Topical Term

Number of records used in: 7

001 - CONTROL NUMBER

  • control field: 5068

003 - CONTROL NUMBER IDENTIFIER

  • control field: OSt

005 - DATE AND TIME OF LATEST TRANSACTION

  • control field: 20101217161930.0

008 - FIXED-LENGTH DATA ELEMENTS

  • fixed length control field: 101217|||a|||||| | ||| d

040 ## - CATALOGING SOURCE

  • Original cataloging agency: OSt
  • Transcribing agency: OSt

150 ## - HEADING--TOPICAL TERM

  • Topical term or geographic name as entry element: Capital flow

670 ## - SOURCE DATA FOUND

  • Source citation: Work cat.: (OSt): Pike, Richard 5066, Investment decisions and financial strategy, 1986

670 ## - SOURCE DATA FOUND

  • Source citation: Work cat.: (OSt): Pike, Richard 5066, Investment decisions and financial strategy, 1986